00542nam a22001697a 450000500170000001000150001702000260003203500130005803700130007108200150008410000250009924500710012426000420019527000720023730000230030950000400033220140908112808.0 aENG-110755 a9788183876544c995.00 aEN-94287 bDBAD/PUB a305.420954 aRamachandra Rao, R. aWomen empowerment through self help group /cby R. Ramachandra Rao aNew DelhibSerials Publicationsc2014 a4830/24, Prahlad Street, Ansari Road, Darya GanjbNew Delhie110002 ax,252p. c22cm(Hb) aIncludes bibliographical references